| 000 | 00488nam a2200181Ia 4500 | ||
|---|---|---|---|
| 008 | 230711s9999||||xx |||||||||||||| ||und|| | ||
| 020 | _a978-93-392-2192-8 | ||
| 041 | _aENG | ||
| 082 |
_a624.18341 _bPE-F |
||
| 100 | _aPeurifoy Robert L | ||
| 245 | 0 | _aFormwork for concrete structures | |
| 250 | _a4th Ed. | ||
| 260 |
_c2015 _aNew Delhi _bMcGraw Hill Education(India) Private Limited |
||
| 300 | _a518p. | ||
| 650 | _aCivil Engineering | ||
| 700 | _aGarold,D.Oberlender | ||
| 942 | _cBK | ||
| 999 |
_c6138 _d6138 |
||